| 000 | 01056cam a2200277 a 4500 | ||
|---|---|---|---|
| 001 | 982 | ||
| 003 | BD-RjUL | ||
| 005 | 20211208233247.0 | ||
| 008 | 131124s1977 fr i101 0 eng | ||
| 020 | _a923101465X | ||
| 035 | _a(BD-RjUL)1004 | ||
| 040 |
_aDLC _cDLC _dDLC _dBD-RjUL _beng |
||
| 041 | _aeng | ||
| 082 | 0 | 0 |
_a346.0482 _221 _bREC 1977 |
| 111 | 2 |
_aInternational Conference of States on the Distribution of Programme-Carrying Signals Transmitted by Satellite, _cBrussels, _d1974. _9116147 |
|
| 245 | 1 | 0 |
_aRecords of the International Conference of States on the Distribution of Programme-Carrying Signals Transmitted by Satellite, Brussels, 6-21 May 1974 / _cUnesco. |
| 260 |
_aParis : _bUnesco, _cc1977. |
||
| 300 |
_axxiii, 677 p. ; _c24 cm. |
||
| 500 | _aIncludes indexes. | ||
| 650 | 0 |
_aCopyright _xBroadcasting rights. _92892 |
|
| 650 | 0 |
_aArtificial satellites in telecommunication _xLaw and legislation. _92893 |
|
| 942 |
_2ddc _cBK |
||
| 999 |
_c982 _d982 |
||